SAT Words HARD Click Quiz - U - Statistics

General Stats
  • This quiz has been taken 239 times
  • The average score is 12 of 15
Answer Stats
Hint Answer % Correct
Untidy, disheveled Unkempt
91%
Brownish yellow Umber
88%
Provide financial support or sponsorship Underwrite
87%
Morally wrong; unjustifiable Unconscionable
86%
Strip a clergyman of status Unfrock
86%
A diacritic mark Umlaut
85%
Unparalleled, unique Unparagoned
85%
Howl or wail that expresses emotion Ululation
84%
Genuine, not fake Unfeigned
82%
Experts in Muslim law; mullah Ulema
79%
Alternate history or timeline Uchronia
73%
Cream used as a medicine; salve Unguent
72%
Excessively fond of one’s wife Uxorious
69%
Mythical water spirit; water sprite Undine
60%
Legal right to enjoy or profit from something Usufruct
56%
No matching quizzes found
Score Distribution
Percent of People with Each Score
Percentile by Number Answered
Your Score History
You have not taken this quiz